<?xml version="1.0" encoding="UTF-8"?><?xml-stylesheet type="text/xsl" href="static/style.xsl"?><OAI-PMH xmlns="http://www.openarchives.org/OAI/2.0/" xmlns:xsi="http://www.w3.org/2001/XMLSchema-instance" xsi:schemaLocation="http://www.openarchives.org/OAI/2.0/ http://www.openarchives.org/OAI/2.0/OAI-PMH.xsd"><responseDate>2026-04-13T07:21:22Z</responseDate><request verb="GetRecord" identifier="oai:www.recercat.cat:2072/442660" metadataPrefix="marc">https://recercat.cat/oai/request</request><GetRecord><record><header><identifier>oai:recercat.cat:2072/442660</identifier><datestamp>2024-10-31T05:33:33Z</datestamp><setSpec>com_2072_98</setSpec><setSpec>col_2072_378192</setSpec></header><metadata><record xmlns="http://www.loc.gov/MARC21/slim" xmlns:dcterms="http://purl.org/dc/terms/" xmlns:xsi="http://www.w3.org/2001/XMLSchema-instance" xmlns:doc="http://www.lyncode.com/xoai" xsi:schemaLocation="http://www.loc.gov/MARC21/slim http://www.loc.gov/standards/marcxml/schema/MARC21slim.xsd">
   <leader>00925njm 22002777a 4500</leader>
   <datafield ind2=" " ind1=" " tag="042">
      <subfield code="a">dc</subfield>
   </datafield>
   <datafield ind2=" " ind1=" " tag="720">
      <subfield code="a">Estrada de Madariaga, María del Mar</subfield>
      <subfield code="e">author</subfield>
   </datafield>
   <datafield ind2=" " ind1=" " tag="720">
      <subfield code="a">Trujillo Torres, Juan Manuel</subfield>
      <subfield code="e">author</subfield>
   </datafield>
   <datafield ind2=" " ind1=" " tag="260">
      <subfield code="c">2016</subfield>
   </datafield>
   <datafield ind2=" " ind1=" " tag="520">
      <subfield code="a">El análisis de este estudio se ha abordado a través de un cuestionario. El cuestionario consta de dos partes diferenciadas. La primera corresponde a los datos personales y académicos. La segunda parte del cuestionario consta 46 ítems . Es una escala Likert, de cuatro alternativas. Para el tratamiento estadístico de los datos se ha utilizado el SPSS v.21 para Windows. Para el análisis estadístico descriptivo bidimensional se utilizaron la prueba de Mann-Whitney y Kruskal-Wallis. Las aportaciones más relevantes y que fundamentan el marco teórico de esta investigación han sido el Manual Diagnóstico y Estadístico de los Trastornos Mentales de 2014 (DSM-5); la legislación actual, en especial la relacionada con el tratamiento a la diversidad; así como las diferentes aportaciones de estudios y tesis relacionados con el tema de investigación. A partir de este estudio se realizarán propuestas de intervención y se plantearán nuevas líneas de investigación con el fin de disminuir la elevada tasa de fracaso y abandono escolar temprano en esta ciudad.</subfield>
   </datafield>
   <datafield ind2=" " ind1=" " tag="520">
      <subfield code="a">The analysis of this study has been approached through a questionnaire. The questionnaire consists of two parts. The first is personal and academic data. The second part of the questionnaire contains 46 items. It is a Likert scale of four alternatives. For the statistical treatment of the data it was used SPSS v.21 for Windows. For the two-dimensional descriptive statistical analysis it was used the Mann-Whitney and Kruskal-Wallis programs. The most relevant contributions, in which the theoretical framework of this research is based, have been the Diagnostic and Statistical Manual of Mental Disorders, 2014 (DSM-5); Educational Law, especially that related to diversity, as well as the different contributions of studies and doctoral theses related to the investigation. From this study, intervention proposals and new lines of research will be carried out in order to reduce the high rate of failure and early school dropout in this city</subfield>
   </datafield>
   <datafield tag="653" ind2=" " ind1=" ">
      <subfield code="a">Learning motivation</subfield>
   </datafield>
   <datafield tag="653" ind2=" " ind1=" ">
      <subfield code="a">Self esteem</subfield>
   </datafield>
   <datafield tag="653" ind2=" " ind1=" ">
      <subfield code="a">Learning difficulties</subfield>
   </datafield>
   <datafield tag="653" ind2=" " ind1=" ">
      <subfield code="a">Anxiety</subfield>
   </datafield>
   <datafield tag="653" ind2=" " ind1=" ">
      <subfield code="a">Motivación para el aprendizaje</subfield>
   </datafield>
   <datafield tag="653" ind2=" " ind1=" ">
      <subfield code="a">Autoestima</subfield>
   </datafield>
   <datafield tag="653" ind2=" " ind1=" ">
      <subfield code="a">Dificultades de aprendizaje</subfield>
   </datafield>
   <datafield tag="653" ind2=" " ind1=" ">
      <subfield code="a">Ansiedad</subfield>
   </datafield>
   <datafield ind2="0" ind1="0" tag="245">
      <subfield code="a">Estudio descriptivo sobre la influencia de las variables personales y el fracaso escolar en la Ciudad Autónoma De Melilla</subfield>
   </datafield>
</record></metadata></record></GetRecord></OAI-PMH>